Statystyki dla Największe województwa w Polsce

Kliknij tutaj aby rozwiązać quiz!

Ogólne statystyki

  • Ten quiz został rozwiązany 17 razy
  • Średni wynik to 3 z 5

Statystyki odpowiedzi

powierzchnia w km2Województwo% Poprawnych
35 558mazowieckie
91%
29 826wielkopolskie
73%
22 892zachodniopomorskie
64%
24 173warmińsko - mazurskie
36%
25 122lubelskie
18%

Rozkład punktacji

Percentyl według liczby udzielonych odpowiedzi

Procent ludzi z każdym wynikiem

Twoja historia wyników

Nie rozwiązałeś tego quizu